000 01297cam a22003857a 4500
001 000001452
003 CHAP
005 20220329133026.0
008 971013s1989 mx a |r| |||||||spa d
010 _a1403
011 _a2375
020 _a9686062041 (1989)
020 _a970-15-0199-3 (r.1996)
035 _a1568
040 _cCHAP
082 0 4 _a526.9
_bM6 1989
100 0 0 _aMontes de Oca, Miguel.
_977866
245 1 0 _aTopografía.
250 _a4 ed. rev.
260 _aMéxico, D. F. :
_bAlfaomega
_bRepresentaciones y Servicios de Ingeniería,
_cc1989.
300 _a344 p., [6] h. pleg. :
_b: il.
590 _aBATCH-UPD
_b10
_c20130110
_lUCH01
_h0219
590 _aBATCH-UPD
_b10
_c20130110
_lUCH01
_h1207
590 _aBATCH-UPD
_b10
_c20130409
_lUCH01
_h2239
590 _aBATCH-UPD
_b10
_c20130914
_lUCH01
_h1829
590 _aCONVERSION
_b10
_c20130109
_lUCH01
_h1302
590 _aE11695DGD
_b10
_c20131016
_lUCH01
_h0938
650 1 4 _aTopografía.
_9113907
901 _aBK
942 _cLIBRO
942 _n0
949 _a526.9 M6 1986
_bBC
_cLIBRO
_d33724000406021
_eLIBRO
_fc.2
_h14845 subs.
_i1568
_si
949 _a526.9 M6 1986
_bBC
_cLIBRO
_d33724000988895
_eLIBRO
_h10897
_i1568
_si
949 _a526.9 M6 1986
_bBC
_cLIBRO
_d33724002009611
_eLIBRO
_fc.3
_gI. c/e
_h101966
_i1568
_si
_t$148.00
999 _c1403
_d1403